Kitāb Miftāh ̣al-ʻulūm /

محفوظ في:

المؤلف الرئيسي: Sakkākī, Yūsuf ibn Abī Bakr, 1160- (مؤلف)

مؤلفون آخرون: Suyūṭī, 1445-1505.

التنسيق: كتاب

اللغة: Arabic

منشور في: Misr : al-Matḅaʻah al-Adabīyah, [1317 i.e. 1899].

الطبعة: al-Ṭabʻah 1.

الموضوعات:

الوسوم: إضافة وسم

لا توجد وسوم, كن أول من يضع وسما على هذه التسجيلة!

رقم الطلب: PJ6031 .S167 1899

LEADER 01670nam a2200277Ia 4500
003 OSt
005 20230823122438.0
008 130303s1899 ua 000 0 ara d
952 |0 0  |1 0  |2 lcc  |4 0  |6 PJ6031 S167 01899  |7 1  |9 49678  |a ARCE  |b ARCE  |d 2023-08-23  |l 0  |o PJ6031 .S167 1899  |p 1027044  |r 2023-08-23 00:00:00  |w 2023-08-23  |y BK 
999 |c 29459  |d 29459 
040 |c ARCE Library 
050 4 |a PJ6031 .S167 1899 
100 0 |6 880-01  |a Sakkākī, Yūsuf ibn Abī Bakr,  |d 1160-  |e author  |9 39016 
245 1 0 |6 880-02  |a Kitāb Miftāh ̣al-ʻulūm /   |c li-Abī Yaʻqūb Yūsuf ibn Abī Bakr Muhạmmad ibn ʻAlī al-Sakkākī ; Wa-qad washaynā tạrrarah wa-zayyanā ghararah bi-kitāb Itmām al-darāyah li-qurrāʼ al-naqāyah al-jāmiʻ li-arbaʻat ʻashar ʻilman li-Jalāl al-Dīn al-Suyūtị̄.  
250 |a al-Ṭabʻah 1. 
264 1 |a Misr :   |b al-Matḅaʻah al-Adabīyah,   |c [1317 i.e. 1899]. 
300 |a 319 pages ;   |c 29 cm. 
555 |a Hadeer 
555 |a wafaa.lib 
650 0 |a Arabic language  |x Grammar. 
700 1 |a Suyūṭī,  |d 1445-1505. 
740 0 |a Itmām al-darāyah li-qurrāʼ al-naqāyah. 
880 1 |6 100-01/(3/r  |a سكاكي، يوسف بن ابي بكر،‪‪‪‪‪‪‪‪‪‪‪‪‪‪‪‪‪‪‪  |d 1160- 
880 1 0 |6 245-02/(3/r  |a كتاب مفتاح العلوم   |c لأبى يعقوب يوسف بن أبى بكر محمد بن على السكاكى ؛ وقد وشينا طرره وزينا غرره بكتاب إتمام الدرايه لقراء النقايه الجامع لأربعة عشر علمأ لجلال الدين السيوطى.‪‪‪‪‪‪‪‪‪‪‪‪‪‪‪‪‪‪‪ 
901 |a reviewed 
942 |c BK  |2 lcc